000 01166njm a22003137a 4500
005 20100916154715.0
006 a|||||r|||||00| 0
007 sd ammalaaahaa
008 100910t xxu||||| |||| 00| 0 eng d
028 _a7EPE. 4227
_bHis Masters's Voice
035 _aGR-02984
040 _aSED/VEN
100 _91184
_aThakur, Pujya Pandit Omkarnathji
245 _aSide-1 Vande maatram /
_cby Pujya Pandit Omkarnathji Thakur
246 _aसाइड-१ वन्दे मातरम् (पूज्य पंडित ओम्कर्नाथ्जी ठाकुर)
260 _aDum Dum, India
_bHis Master's Voice
_c1977
300 _a1 sound disc : [Gramophone Record]
_banalog, 45 rpm
_c7 in. (LP)
_fGramophone Records
500 _aBrief record.
500 _aHis Master's Voice
500 _aOrange
505 _aSide-2 Surjan matwala (सुरजन मतवाला)
650 _xExcerpts
_zIndia
_919370
_aClassical Music
_vHindi
700 _919371
700 _919937
700 _919372
700 _919676
942 _2ddc
_cGR
999 _c46307
_d46307